Stable population age distributions (Record no. 20680)

MARC details
000 -LEADER
fixed length control field 00507nam a2200157Ia 4500
082 ## - DEWEY DECIMAL CLASSIFICATION NUMBER
Classification number 304.6091724 STA;
245 #0 - TITLE STATEMENT
Title Stable population age distributions
260 ## - PUBLICATION, DISTRIBUTION, ETC. (IMPRINT)
Place of publication New York
Name of publisher United Nations
Year of publication 1990
300 ## - PHYSICAL DESCRIPTION
Number of Pages xiii, 420p.
650 ## - SUBJECT ADDED ENTRY--TOPICAL TERM
Topical Term Demographic surveys
650 ## - SUBJECT ADDED ENTRY--TOPICAL TERM
Topical Term Stable population model
650 ## - SUBJECT ADDED ENTRY--TOPICAL TERM
Topical Term Age distribution (Demography)
650 ## - SUBJECT ADDED ENTRY--TOPICAL TERM
Topical Term Developing countries - Population - Statistics
700 ## - ADDED ENTRY--PERSONAL NAME
Personal name United Nations. Department of International Economic and Social Affairs
942 ## - ADDED ENTRY ELEMENTS (KOHA)
Koha item type Books
Holdings
Withdrawn status Lost status Damaged status Not for loan Home library Current library Date acquired Bill Date Full call number Accession Number Price effective from Koha item type
        NASSDOC Library NASSDOC Library 08/06/2004 2008-12-30 304.6091724 STA; 30489 18/04/2019 Books